000
00320nam a22001457a 4500
003
OSt
008
210125b ||||| |||| 00| 0 eng d
100
_a
TANENBAUM, Andrew
245
_a
Computer Networks
250
_a
4th
260
_a
New Delhi
_b
The Book Company
300
_a
891
650
_a
MCA
942
_2
ddc
_c
BB
999
_c
10405
_d
10405